00457 a2200157 450000500170000001000150001702000310003203500140006303700130007708200100009010000170010024500610011726000300017827000690020830000220027720211227155503.0 aENG-130702 a978-93-90022-31-1c1195.00 aEN-114234 bDBAD/PUB a491.1 aCox, Whitney aModes of Philology in Medieval South India:cWhitney Cox aDelhibPrimus Booksc2020 aVirat Bhawan, Mukherjee Nagar, Commercial ComplexbDelhie110009 a196p.c24cm (hbk)